Loading...
| History - World History | 3 | 2 | 0 | 2 | 65 | 35 | 73.00 | 1 | 3 |
| Fine Arts - Auditory Fine Arts | 2 | 2 | 0 | 0 | 50 | 45 | 82.50 | 1 | 4 |
| Fine Arts - Other Fine Arts | 2 | 2 | 0 | 0 | 50 | 66 | 75.50 | 2 | 4 |
| Science - Chemistry | 2 | 2 | 0 | 1 | 50 | 61 | 78.75 | 0 | 4 |
| History - Other History | 2 | 2 | 0 | 2 | 50 | 8 | 62.00 | 1 | 4 |
| Fine Arts - Visual Fine Arts | 2 | 2 | 1 | 1 | 45 | 67 | 78.00 | 1 | 4 |
| Literature - American Literature | 1 | 2 | 0 | 0 | 35 | 46 | 74.33 | 2 | 3 |
| History - European History | 2 | 0 | 0 | 0 | 30 | 23 | 38.50 | 1 | 2 |
| Science - Other Science | 0 | 3 | 0 | 0 | 30 | 75 | 79.33 | 1 | 2 |
| Literature - World Literature | 1 | 1 | 0 | 1 | 25 | 65 | 81.00 | 0 | 1 |
| Literature - European Literature | 1 | 1 | 0 | 1 | 25 | 60 | 99.00 | 1 | 1 |
| Science - Physics | 1 | 1 | 0 | 0 | 25 | 59 | 70.50 | 1 | 2 |
| Philosophy | 0 | 2 | 0 | 1 | 20 | 114 | 116.50 | 0 | 1 |
| History - American History | 1 | 1 | 1 | 1 | 20 | 42 | 66.00 | 2 | 2 |
| Science - Biology | 1 | 0 | 0 | 0 | 15 | 44 | 44.00 | 0 | 1 |
| Mythology | 0 | 2 | 1 | 2 | 15 | 94 | 107.00 | 0 | 2 |
| Religion- | 0 | 1 | 0 | 0 | 10 | 69 | 69.00 | 0 | 1 |
| Geography | 0 | 1 | 0 | 0 | 10 | 72 | 72.00 | 0 | 1 |
| Pop Culture | 0 | 1 | 0 | 1 | 10 | 132 | 132.00 | 0 | 1 |
| Social Science | 0 | 0 | 1 | 0 | -5 | 0.00 | 0 | 0 |